Wireless networks: from the physical layer to communication, computing, sensing and controld (Record no. 8124)

000 -LEADER
fixed length control field 00609 a2200157 4500
020 ## - INTERNATIONAL STANDARD BOOK NUMBER
International Standard Book Number 0-12-369426-4
020 ## - INTERNATIONAL STANDARD BOOK NUMBER
International Standard Book Number 0-12-369426-4
040 ## - CATALOGING SOURCE
Original cataloging agency DLC
Language of cataloging DLC
082 ## - DEWEY DECIMAL CLASSIFICATION NUMBER
Classification number 621.382
245 10 - TITLE STATEMENT
Title Wireless networks: from the physical layer to communication, computing, sensing and controld
Remainder of title from the physical layer to communication, computing, sensing and controld
Statement of responsibility, etc. edited by Giorgio Franceschetti, Sabatino Stornelli
260 ## - PUBLICATION, DISTRIBUTION, ETC.
Place of publication, distribution, etc. Amsterdam:
Name of publisher, distributor, etc. Eslsevier,
Date of publication, distribution, etc. cop. 2006
300 ## - PHYSICAL DESCRIPTION
Extent xxviii, 326 s.:
Other physical details ill.
700 1# - ADDED ENTRY--PERSONAL NAME
Personal name Franceschetti, Giorgio
Relator code oth
700 1# - ADDED ENTRY--PERSONAL NAME
Personal name Stornelli, Sabatino
Relator code oth
942 ## - ADDED ENTRY ELEMENTS (KOHA)
Koha item type Book
Call number prefix 621.382 FRA
Source of classification or shelving scheme
Holdings
Withdrawn status Lost status Damaged status Not for loan Collection code Permanent Location Current Location Shelving location Date acquired Source of acquisition Cost, normal purchase price Total Checkouts Full call number Barcode Date last seen Price effective from Koha item type
          Central Library (CL) Central Library (CL) General Stacks 04/09/2007 Allied Book Company 5219.62   621.382 FRA SEECS008324 11/14/2012 01/05/2017 Book
© 2023 Central Library, National University of Sciences and Technology. All Rights Reserved.